| 000 | 01141cam a2200349 4500 | ||
|---|---|---|---|
| 999 |
_c23124 _d23124 |
||
| 001 | vtls011786338 | ||
| 005 | 20220131131515.0 | ||
| 008 | 200228s2018 xo er 000 f slo | ||
| 020 |
_a9788055164601 _q(viazané) |
||
| 035 | _aurn:nbn:sk:snk-am00dags | ||
| 035 | _aurn:nbn:sk:snk-am3hvhy | ||
| 035 | _aD0B6D903-E9BE-473F-AB01-50850A438CC3 | ||
| 040 |
_aTTKJF _bslo _dTTKJF _dSNK _erda _cSNK |
||
| 041 | 0 | _aslo | |
| 044 |
_axo _cSK |
||
| 072 | 7 |
_a821.162.4-3 _xSlovenská próza _2konspekt |
|
| 080 |
_a821.162.4-31 _22011 |
||
| 080 |
_a(0:82-312.5) _22011 |
||
| 100 | 1 |
_aEštoková, Alica _c(spisovateľka) _4aut _92631 |
|
| 245 | 1 | 0 |
_aKým je čas _bsúď ma nežne _cAlica Eštoková |
| 264 | 1 |
_aBratislava _bIkar _c2018 |
|
| 300 |
_a228 strán _c21 cm |
||
| 336 |
_atext _btxt _2rdacontent |
||
| 337 |
_abez média _bn _2rdamedia |
||
| 338 |
_azväzok _bnc _2rdacarrier |
||
| 655 | 7 |
_aslovenské romány _2SNKPH _91694 |
|
| 655 | 7 |
_aSlovak fiction _2SNKPHeng _91695 |
|
| 655 | 7 |
_aľúbostné romány _2SNKPH _913 |
|
| 655 | 7 |
_aLove novels _2SNKPHeng _91667 |
|
| 958 | _aLX | ||